Jak se volilo v Evropě v roce 2002

Prehľad volebných systémov v Európe. Politické strany v Európe. Víťazi európskych volieb 2002 podľa druhu politických strán. Voľby v Nemecku. Rakúske voľby. Švédske parlamentné voľby. Volebná kampaň v Macedónsku. Vzťahy SRN - USA po voľbách.

Salvato in:
Dettagli Bibliografici
Natura: Capitolo di libro
Lingua:ceco
Soggetti:
Tags: Aggiungi Tag
Nessun Tag, puoi essere il primo ad aggiungerne!!

MARC

LEADER 00000naa a2200000 4500
001 r047222
005 20231004105323.8
041 0 |a cze 
044 |a CZ 
245 1 0 |a Jak se volilo v Evropě v roce 2002 
520 |a Prehľad volebných systémov v Európe. Politické strany v Európe. Víťazi európskych volieb 2002 podľa druhu politických strán. Voľby v Nemecku. Rakúske voľby. Švédske parlamentné voľby. Volebná kampaň v Macedónsku. Vzťahy SRN - USA po voľbách. 
610 2 0 |a politika medzinárodná 
610 2 0 |a voľby 
610 2 0 |a Európa 
610 2 0 |a Nemecko 
610 2 0 |a Macedónsko 
610 2 0 |a Švédsko 
610 2 0 |a Rakúsko 
610 2 0 |a USA 
610 2 0 |a 2002